000 00684nam a2200229 a 4500
001 13567
003 BD-JhCC
005 20240229080112.0
008 240229b20162023bg a|||| ||a 000 0 ben d
020 _a9789849673675
035 _a(BD-JhCC)13567
040 _aBD-JhCC
_dBD-JhCC
041 _aBengali
082 _a891.4435
_bROS 2023
100 _aরশীদ,মামুনুর
245 _aছেলেবেলার কথা /
_cমামুনুর রশীদ।
260 _aঢাকা:
_bসুচয়নী পাবলিশার্স;
_c2023.
300 _a120 p. :
_bill;
_c22 cm
650 _aBengali Short Story.
942 _2ddc
_cBK
999 _c13567
_d13567